Sylvia Plath and Anne Sexton: a reference guide

Guardado en:
Bibliografiske detaljer
Hovedforfatter: Nothouse, Cameron
Format: Bog
Sprog:Undetermined
Udgivet: Boston, Estados Unidos G.K. Hall & Co. 1974
Fag:
Tags: Tilføj Tag
Ingen Tags, Vær først til at tagge denne postø!

MARC

LEADER 00000nam a2200000Ia 4500
008 170316s9999 xx 000 0 und d
100 |a Nothouse, Cameron 
245 |a Sylvia Plath and Anne Sexton: a reference guide 
260 |a Boston, Estados Unidos 
260 |b G.K. Hall & Co. 
260 |c 1974 
300 |a 143 páginas 
650 |a REFERENCIA 
999 |c 30232  |d 30232 
040 |a cru BVZT 
942 |c 15 D  |2 z